Southville International School and Colleges
Your cart is empty.
  • Cart
  • Lists
    Public lists Eva Luna New books Lux_list list_1
    Your lists Log in to create your own lists
  • Log in to your account
  • Your cookies
  • Search history
Southville International School and Colleges
  • Advanced search
  • Recent comments
  • Most popular
  • Libraries

Log in to your account

Log in with GOOGLE


If you do not have an external account, but do have a local account, you can still log in:

  1. Home
  2. MARC view: Nursing care planning guides:
Normal view MARC view ISBD view

Nursing care planning guides: (Record no. 21112)

[ view plain ]
MARC details
000 -LEADER
fixed length control field 00698nam a2200217 a 4500
005 - DATE AND TIME OF LATEST TRANSACTION
control field 20140310183309.0
008 - FIXED-LENGTH DATA ELEMENTS--GENERAL INFORMATION
fixed length control field 050909s19uu xx 00 eng d
020 ## - INTERNATIONAL STANDARD BOOK NUMBER
International Standard Book Number 0721639232
050 ## - LIBRARY OF CONGRESS CALL NUMBER
Classification number RT 49
Item number .Ul47 2005
100 ## - MAIN ENTRY--PERSONAL NAME
Personal name Ulrich, Susan Puderbaugh
245 ## - TITLE STATEMENT
Title Nursing care planning guides:
Remainder of title for adults in acute, extended, and home care settings.
250 ## - EDITION STATEMENT
Edition statement 6th ed.
260 ## - PUBLICATION, DISTRIBUTION, ETC. (IMPRINT)
Place of publication, distribution, etc Missouri :
Name of publisher, distributor, etc Elseviere Saunders,
Date of publication, distribution, etc 2005.
300 ## - PHYSICAL DESCRIPTION
Extent 897 p. :
Other physical details col. ill. ;
Dimensions 28 cm.
521 ## - TARGET AUDIENCE NOTE
Target audience note
650 ## - SUBJECT ADDED ENTRY--TOPICAL TERM
Topical term or geographic name as entry element Nursing
General subdivision Planning
-- Handbooks, manuals, etc.
650 ## - SUBJECT ADDED ENTRY--TOPICAL TERM
Topical term or geographic name as entry element Patient Care Planning
General subdivision Nurses' instruction.
700 ## - ADDED ENTRY--PERSONAL NAME
Personal name Canale, Suzanne Weyland
942 ## - ADDED ENTRY ELEMENTS (KOHA)
Koha item type Books
Source of classification or shelving scheme Library of Congress Classification
Call number prefix Foreign
Holdings
Withdrawn status Lost status Source of classification or shelving scheme Damaged status Home library Current library Shelving location Date acquired Total Checkouts Full call number Barcode Date last seen Copy number Price effective from Koha item type
    Library of Congress Classification   College Library College Library General Circulation Section 01/14/2014   RT 49 .Ul47 2005 C6151 05/15/2018 1 01/14/2014 Books

Nursing care planning guides:

APA

Ulrich S. P., Canale S. W., . (2005). Nursing care planning guides. Missouri: Elseviere Saunders.

Chicago

Ulrich Susan Puderbaugh, Canale Suzanne Weyland, . 2005. Nursing care planning guides. Missouri: Elseviere Saunders.

Harvard

Ulrich S. P., Canale S. W., . (2005). Nursing care planning guides. Missouri: Elseviere Saunders.

MLA

Ulrich Susan Puderbaugh, Canale Suzanne Weyland, . Nursing care planning guides. Missouri: Elseviere Saunders. 2005.

  • Place hold
  • Print
  • Cite
  • Add to your cart (remove)
  • Save record
    BIBTEX Dublin Core MARCXML MARC (non-Unicode/MARC-8) MARC (Unicode/UTF-8) MARC (Unicode/UTF-8, Standard) MODS (XML) RIS
  • More searches
    Search for this title in:
    Other Libraries (WorldCat) Other Databases (Google Scholar) Online Stores (Bookfinder.com) Open Library (openlibrary.org)

Exporting to Dublin Core...

SOUTHVILLE LIBRARY

Southville International School and Colleges Library

1281 Tropical Ave. Cor. Luxembourg St., BF Homes International, Las Pinas City

Tel. No. 8256374 / 252358 Loc. 117/146

Powered by Koha